000 00262nam a2200085Ia 4500
008 220120s9999||||xx |||||||||||||| ||und||
100 _aRahul.R. Chandran
_912195
245 0 _aTelephone based system ciontrol
260 _aCoorg Institute of Technology
_bPonnampet
_c2009
999 _c137781
_d137781